[Event "Titled Tuesday intern op 01st Mar Early"]
[Site "Chess.com INT"]
[Date "2022.03.01"]
[Round "3"]
[White "Mohammadian, Mohammad"]
[Black "Munenga, Douglas D"]
[Result "0-1"]
[WhiteElo "1454"]
[BlackElo "2326"]
[PlyCount "78"]
[EventDate "2022.03.01"]
[EventType "swiss (blitz)"]
[EventRounds "11"]
[EventCountry "USA"]
[SourceTitle "CBM 207 Extra"]
[Source "ChessBase"]
[SourceDate "2022.05.31"]
[SourceVersion "1"]
[SourceVersionDate "2022.05.31"]
[SourceQuality "1"]

1. e4 c5 2. Nf3 d6 3. d4 cxd4 4. Nxd4 e5 5. Nb3 Nf6 6. Nc3 Be7 7. Be2 0-0 8. Be3 a6 9. 0-0 b5 10. a3 Bb7 11. f3 Nbd7 12. Qe1 Rc8 13. Qf2 Qc7 14. Rad1 h6 15. Rd2 Qb8 16. Rfd1 Rxc3 17. bxc3 Rc8 18. Rd3 Nf8 19. Qg3 Kh7 20. Kh1 Ne6 21. Qf2 Ba8 22. R1d2 Qc7 23. Bb6 Qc6 24. Be3 Nh5 25. Na5 Qc7 26. Bb6 Qd7 27. Be3 Nhf4 28. Bxf4 Nxf4 29. Qe3 Nxd3 30. Bxd3 Rxc3 31. f4 Qg4 32. fxe5 dxe5 33. Qe2 Qxe2 34. Bxe2 Rxa3 35. Nb3 Bxe4 36. Bd3 Bxd3 37. Rxd3 e4 38. Re3 f5 39. Rg3 a5 0-1

[Event "Lusaka PCZ Elite"]
[Site "Lusaka"]
[Date "2020.09.27"]
[Round "6"]
[White "Kayonde, Andrew"]
[Black "Munenga, Douglas D"]
[Result "1/2-1/2"]
[WhiteElo "2390"]
[BlackElo "2317"]
[PlyCount "80"]
[EventDate "2020.09.25"]
[EventType "tourn"]
[EventRounds "6"]
[EventCountry "ZAM"]
[SourceTitle "EXT 2021"]
[Source "ChessBase"]
[SourceDate "2020.10.23"]
[SourceVersion "1"]
[SourceVersionDate "2020.10.23"]
[SourceQuality "1"]

1. d4 Nf6 2. Nf3 g6 3. g3 Bg7 4. Bg2 d6 5. 0-0 0-0 6. b3 a5 7. Bb2 d5 8. c4 a4 9. Ne5 Be6 10. Nd2 c6 11. e3 Nbd7 12. Nd3 Bf5 13. Nb4 e6 14. h3 g5 15. Nf3 h6 16. h4 a3 17. Bc1 Ne4 18. hxg5 hxg5 19. Nc2 Nc3 20. Qd2 Ne4 21. Qd1 Qe7 22. c5 Nc3 23. Qd2 Nb5 24. Re1 Be4 25. Re2 Qf6 26. Nfe1 Bg6 27. f4 gxf4 28. gxf4 Qd8 29. Bf3 Nf6 30. Rh2 Ne4 31. Qg2 b6 32. b4 bxc5 33. bxc5 Qa5 34. Bh5 Bf5 35. Bg4 Bxg4 36. Qxg4 f5 37. Qg6 Rf6 38. Qh7+ Kf7 39. Rg2 Rg8 40. Nf3 Rh6 1/2-1/2

[Event "Lusaka PCZ Elite"]
[Site "Lusaka"]
[Date "2020.09.26"]
[Round "4"]
[White "Munenga, Douglas D"]
[Black "Phiri, Richmond"]
[Result "1-0"]
[WhiteElo "2317"]
[BlackElo "2348"]
[PlyCount "89"]
[EventDate "2020.09.25"]
[EventType "tourn"]
[EventRounds "6"]
[EventCountry "ZAM"]
[SourceTitle "EXT 2021"]
[Source "ChessBase"]
[SourceDate "2020.10.23"]
[SourceVersion "1"]
[SourceVersionDate "2020.10.23"]
[SourceQuality "1"]

1. e4 c5 2. Nf3 g6 3. d4 cxd4 4. Nxd4 Bg7 5. c4 Nc6 6. Nc2 Nf6 7. Nc3 0-0 8. Be2 d6 9. 0-0 Bd7 10. Be3 Rc8 11. f4 Na5 12. Na3 Be6 13. b3 Nc6 14. Nab5 Qa5 15. Rc1 a6 16. Nd4 Bd7 17. Qd3 Nxd4 18. Bxd4 Bc6 19. b4 Qd8 20. e5 dxe5 21. fxe5 Ne8 22. Qe3 Nc7 23. a4 Ne6 24. Bb6 Bh6 25. Qf2 Qd2 26. Nd5 Bxd5 27. Rcd1 Qxb4 28. cxd5 Nf4 29. Bf3 Rc3 30. a5 Nd3 31. Qe2 Nf4 32. Qe1 Qc4 33. d6 exd6 34. exd6 Rd3 35. d7 Bg5 36. Qe5 Rxf3 37. Rxf3 Qc2 38. Rxf4 Qxd1+ 39. Rf1 Qd2 40. Bd4 f6 41. Qd5+ Kg7 42. Bxf6+ Rxf6 43. Qxd2 Bxd2 44. Rxf6 Bxa5 45. Re6 1-0

[Event "Port Elizabeth Pearson"]
[Site "Port Elizabeth"]
[Date "2020.03.17"]
[Round "10"]
[White "Fernandes, Antonio ETG"]
[Black "Munenga, Douglas D"]
[Result "1/2-1/2"]
[WhiteElo "2353"]
[BlackElo "2357"]
[PlyCount "158"]
[EventDate "2020.03.11"]
[EventType "tourn"]
[EventRounds "10"]
[EventCountry "RSA"]
[EventCategory "4"]
[SourceTitle "CBM 195 Extra"]
[Source "ChessBase"]
[SourceDate "2020.05.31"]
[SourceVersion "1"]
[SourceVersionDate "2020.05.31"]
[SourceQuality "1"]

1. Nf3 d5 2. g3 Nf6 3. Bg2 Bf5 4. 0-0 e6 5. d3 Be7 6. Nbd2 h6 7. Re1 0-0 8. b3 c5 9. Bb2 Nc6 10. e4 Bh7 11. h3 Re8 12. Nh2 Nd4 13. f4 Rc8 14. Nhf3 Qc7 15. Ne5 Rcd8 16. c3 Nc6 17. Nxc6 bxc6 18. Qe2 c4 19. d4 Rb8 20. b4 c5 21. dxc5 Bxc5+ 22. Kh2 Bb6 23. Qf1 Qc6 24. f5 dxe4 25. Nxe4 exf5 26. Nxf6+ Qxf6 27. Qxc4 Rec8 28. Qf1 Bc7 29. Qf2 f4 30. gxf4 Bxf4+ 31. Kh1 Bg6 32. a3 Qg5 33. Bc1 Bxc1 34. Raxc1 a5 35. Qd4 axb4 36. axb4 Bf5 37. Kh2 Be6 38. Qf2 Rc7 39. Qg3 Qe7 40. Bd5 Rbc8 41. Rc2 Qd7 42. Rg2 g5 43. Bxe6 fxe6 44. Re3 Qg7 45. Rxe6 Rxc3 46. Qd6 R3c6 47. Qd5 Qc7+ 48. Rd6+ Qf7 49. b5 Qxd5 50. Rxd5 Rc2 51. Rd8+ Rxd8 52. Rxc2 Rb8 53. Rb2 Rb6 54. Kg3 Kf7 55. Kf3 Ke6 56. Ke4 h5 57. Kd4 Kd6 58. Kc4 Kc7 59. Rf2 Rg6 60. Kc5 Rg7 61. b6+ Kb7 62. Ra2 Kb8 63. Kc6 g4 64. hxg4 hxg4 65. Rf2 Rg8 66. Rf7 g3 67. Rb7+ Ka8 68. Ra7+ Kb8 69. Rb7+ Ka8 70. Ra7+ Kb8 71. Ra1 g2 72. Rg1 Rg5 73. b7 Rg6+ 74. Kd5 Kxb7 75. Ke4 Kc6 76. Kf3 Kd5 77. Rd1+ Ke5 78. Re1+ Kf5 79. Rg1 Ra6 1/2-1/2

[Event "Port Elizabeth Pearson"]
[Site "Port Elizabeth"]
[Date "2020.03.16"]
[Round "9"]
[White "Munenga, Douglas D"]
[Black "Van Zyl Rudd, Jack"]
[Result "1/2-1/2"]
[WhiteElo "2357"]
[BlackElo "2277"]
[PlyCount "22"]
[EventDate "2020.03.11"]
[EventType "tourn"]
[EventRounds "10"]
[EventCountry "RSA"]
[EventCategory "4"]
[SourceTitle "CBM 195 Extra"]
[Source "ChessBase"]
[SourceDate "2020.05.31"]
[SourceVersion "1"]
[SourceVersionDate "2020.05.31"]
[SourceQuality "1"]

1. e4 Nc6 2. Nf3 d6 3. c3 Nf6 4. d4 g6 5. h3 Bg7 6. Be3 0-0 7. Bd3 e5 8. Nbd2 h6 9. 0-0 Nh5 10. b4 exd4 11. Nxd4 Re8 1/2-1/2

[Event "Port Elizabeth Pearson"]
[Site "Port Elizabeth"]
[Date "2020.03.14"]
[Round "5"]
[White "Munenga, Douglas D"]
[Black "Fernandes, Antonio ETG"]
[Result "0-1"]
[WhiteElo "2357"]
[BlackElo "2353"]
[PlyCount "190"]
[EventDate "2020.03.11"]
[EventType "tourn"]
[EventRounds "10"]
[EventCountry "RSA"]
[EventCategory "4"]
[SourceTitle "CBM 195 Extra"]
[Source "ChessBase"]
[SourceDate "2020.05.31"]
[SourceVersion "1"]
[SourceVersionDate "2020.05.31"]
[SourceQuality "1"]

1. e4 Nf6 2. e5 Nd5 3. d4 d6 4. Nf3 Bg4 5. h3 Bxf3 6. Qxf3 dxe5 7. dxe5 e6 8. c3 Nd7 9. Qg3 h5 10. h4 Ne7 11. Bg5 Nf5 12. Qf3 Qb8 13. Bf4 c6 14. Qe2 Qc7 15. Nd2 0-0-0 16. 0-0-0 Nb6 17. Nf3 Bc5 18. Bg5 Rxd1+ 19. Kxd1 Nd5 20. Qc2 Qb6 21. Ke1 f6 22. Bc1 Rf8 23. b4 Be7 24. a3 fxe5 25. Bd3 g6 26. c4 Nf4 27. Bxf4 exf4 28. c5 Qd8 29. Bc4 Kb8 30. Qe4 Bf6 31. Qxf4+ Ka8 32. Ke2 Nd4+ 33. Kf1 Nxf3 34. gxf3 Bb2 35. Qe3 Qf6 36. Rh3 e5 37. Kg2 Qd8 38. b5 cxb5 39. Bxb5 Bd4 40. Qe4 Bxc5 41. Rg3 Qb6 42. a4 Rf6 43. Rg5 a6 44. Bd3 Qb2 45. Qe2 Qd4 46. Rxe5 Ka7 47. Qe3 Rd6 48. Rxc5 Qxd3 49. Rc3+ Qxe3 50. fxe3 b5 51. axb5 axb5 52. e4 Kb6 53. Kg3 b4 54. Rc8 Kb5 55. e5 Rb6 56. Rc1 b3 57. f4 b2 58. Rb1 Kc6 59. f5 gxf5 60. Kf4 Kd7 61. Kxf5 Rb4 62. Kg5 Ke6 63. Kxh5 Kf5 64. e6 Rb8 65. Kh6 Kxe6 66. h5 Kf6 67. Rf1+ Ke5 68. Rb1 Kf5 69. Rf1+ Kg4 70. Rg1+ Kh4 71. Rh1+ Kg4 72. Rg1+ Kf4 73. Rf1+ Ke5 74. Rb1 Rb6+ 75. Kg5 Rb3 76. Kh6 Kf5 77. Rf1+ Kg4 78. Rg1+ Kh4 79. Rh1+ Kg3 80. Rb1 Kf4 81. Rf1+ Kg4 82. Rg1+ Rg3 83. Rd1 Rd3 84. Rg1+ Kf4 85. Rf1+ Rf3 86. Rd1 Rd3 87. Rf1+ Ke5 88. Kh7 Rb3 89. h6 b1Q+ 90. Rxb1 Rxb1 91. Kg6 Ke6 92. h7 Rg1+ 93. Kh6 Kf7 94. h8N+ Kf6 95. Kh7 Rg2 0-1

[Event "Port Elizabeth Pearson"]
[Site "Port Elizabeth"]
[Date "2020.03.12"]
[Round "3"]
[White "Kayonde, Andrew"]
[Black "Munenga, Douglas D"]
[Result "1-0"]
[WhiteElo "2366"]
[BlackElo "2357"]
[PlyCount "83"]
[EventDate "2020.03.11"]
[EventType "tourn"]
[EventRounds "10"]
[EventCountry "RSA"]
[EventCategory "4"]
[SourceTitle "CBM 195 Extra"]
[Source "ChessBase"]
[SourceDate "2020.05.31"]
[SourceVersion "1"]
[SourceVersionDate "2020.05.31"]
[SourceQuality "1"]

1. d4 Nf6 2. Bg5 Ne4 3. Bf4 d5 4. e3 c5 5. Bd3 Nf6 6. Nc3 c4 7. Be2 Nc6 8. g4 e6 9. g5 Ng8 10. Bf3 Bd6 11. Qd2 Nge7 12. Nge2 Bxf4 13. Nxf4 Rb8 14. h4 b5 15. Nce2 Qd6 16. Bg2 Bd7 17. Nh5 0-0 18. f4 b4 19. Kf2 Kh8 20. Rag1 c3 21. bxc3 Na5 22. Nhg3 Nc4 23. Qe1 Rfc8 24. cxb4 Rxb4 25. Qa1 Na3 26. c3 Rb6 27. h5 h6 28. gxh6 gxh6 29. e4 Rcb8 30. e5 Qc6 31. Qc1 Rb2 32. f5 exf5 33. Qf4 Nc4 34. Bh3 Qe6 35. Rg2 Rxa2 36. Kg1 Ra1+ 37. Kh2 Rxh1+ 38. Kxh1 Rb6 39. Kh2 a5 40. Kh1 Rb8 41. Kg1 Rg8 42. Kf1 1-0

[Event "Africa-ch"]
[Site "Hammamet"]
[Date "2019.07.14"]
[Round "6"]
[White "Munenga, Douglas D"]
[Black "Rakotomaharo, Fy Antenaina"]
[Result "0-1"]
[WhiteElo "2329"]
[BlackElo "2419"]
[PlyCount "134"]
[EventDate "2019.07.09"]
[EventType "swiss"]
[EventRounds "9"]
[EventCountry "TUN"]
[SourceTitle "CBM 191 Extra"]
[Source "ChessBase"]
[SourceDate "2019.09.30"]
[SourceVersion "1"]
[SourceVersionDate "2019.09.30"]
[SourceQuality "1"]

1. e4 e5 2. Nf3 Nc6 3. Bb5 a6 4. Ba4 d6 5. c3 Bd7 6. d4 g6 7. Bg5 f6 8. Be3 Nh6 9. h3 Nf7 10. d5 Ne7 11. Bxd7+ Qxd7 12. c4 Bg7 13. Nc3 0-0 14. Qd3 f5 15. Bg5 Nc8 16. Bd2 c5 17. dxc6 bxc6 18. Rd1 fxe4 19. Qxe4 Ne7 20. Bc1 Rad8 21. 0-0 d5 22. cxd5 cxd5 23. Qb4 h6 24. Rfe1 Rfe8 25. Qh4 Qc6 26. Qa4 Qxa4 27. Nxa4 Nc6 28. Nc3 e4 29. Nh2 Nb4 30. Na4 Nd3 31. Re2 Rc8 32. Bd2 Rc2 33. Kf1 Bxb2 34. f3 Bg7 35. fxe4 dxe4 36. Be3 Rec8 37. Ng4 h5 38. Nf2 Nxf2 39. Rxf2 Ne5 40. Rxc2 Rxc2 41. Nc5 Rxa2 42. Nxe4 Nf7 43. Rd7 a5 44. Bd4 Bxd4 45. Rxd4 Ne5 46. Rd5 Nf7 47. Ng5 h4 48. Nxf7 Kxf7 49. Rd4 g5 50. Rd5 Kf6 51. Rb5 a4 52. Ra5 a3 53. Kg1 Ke6 54. Kf1 Kd6 55. Kg1 Kc6 56. Kf1 Kb6 57. Ra8 Kc5 58. Rc8+ Kb4 59. Rb8+ Kc3 60. Rc8+ Kb3 61. Rb8+ Kc2 62. Rc8+ Kb1 63. Ra8 Ra1 64. Kf2 Ka2 65. g3 Rc1 66. gxh4 gxh4 67. Kf3 Rg1 0-1

[Event "Olympiad-43"]
[Site "Batumi"]
[Date "2018.10.02"]
[Round "8.2"]
[White "Rowe, Duane"]
[Black "Munenga, Douglas D"]
[Result "0-1"]
[WhiteElo "2147"]
[BlackElo "2273"]
[PlyCount "56"]
[EventDate "2018.09.24"]
[EventType "team-swiss"]
[EventRounds "11"]
[EventCountry "GEO"]
[SourceTitle "CBM 187"]
[Source "ChessBase"]
[SourceDate "2018.12.11"]
[SourceVersion "1"]
[SourceVersionDate "2018.12.11"]
[SourceQuality "1"]
[WhiteTeam "Jamaica"]
[BlackTeam "Zambia"]
[WhiteTeamCountry "JAM"]
[BlackTeamCountry "ZAM"]

1. e4 c5 2. d4 cxd4 3. c3 d3 4. Bxd3 Nc6 5. c4 Nf6 6. Nc3 d6 7. h3 g6 8. Be3 Bg7 9. Rc1 0-0 10. Nge2 Ne5 11. b3 Nxd3+ 12. Qxd3 Bd7 13. 0-0 Bc6 14. Rfd1 Qa5 15. Nd4 Qe5 16. f4 Qa5 17. Nxc6 bxc6 18. c5 Rad8 19. cxd6 exd6 20. Na4 Rfe8 21. Rxc6 Nxe4 22. Ra6 Qh5 23. Rxa7 Ng3 24. Rd2 Rc8 25. Kh2 Rxe3 26. Qa6 Rf8 27. Nb6 Qh4 28. Rd1 Ne2 0-1

[Event "Olympiad-43"]
[Site "Batumi"]
[Date "2018.10.01"]
[Round "7.21"]
[White "Munenga, Douglas D"]
[Black "Blagojevic, Dragisa"]
[Result "0-1"]
[WhiteElo "2273"]
[BlackElo "2476"]
[PlyCount "68"]
[EventDate "2018.09.24"]
[EventType "team-swiss"]
[EventRounds "11"]
[EventCountry "GEO"]
[SourceTitle "CBM 187"]
[Source "ChessBase"]
[SourceDate "2018.12.11"]
[SourceVersion "1"]
[SourceVersionDate "2018.12.11"]
[SourceQuality "1"]
[WhiteTeam "Zambia"]
[BlackTeam "Montenegro"]
[WhiteTeamCountry "ZAM"]
[BlackTeamCountry "MNE"]

1. e4 e5 2. Nf3 Nc6 3. Bb5 a6 4. Ba4 Nf6 5. 0-0 Be7 6. Re1 d6 7. c3 Bg4 8. d3 0-0 9. Nbd2 Nd7 10. h3 Bh5 11. Nf1 Nc5 12. Bc2 d5 13. Qe2 d4 14. g4 Bg6 15. Ng3 Qd7 16. Bd2 Rfd8 17. c4 b5 18. b4 Ne6 19. c5 f6 20. Nf5 Bf7 21. Bb3 a5 22. Bd5 Nxb4 23. Bxa8 Rxa8 24. Bxb4 axb4 25. c6 Qe8 26. Nxe7+ Qxe7 27. Nh4 Nf4 28. Qf3 Ra3 29. Red1 Bc4 30. Nf5 Qd8 31. Qxf4 exf4 32. dxc4 d3 33. cxb5 g6 34. b6 cxb6 0-1

[Event "Olympiad-43"]
[Site "Batumi"]
[Date "2018.09.27"]
[Round "4.20"]
[White "Stojanovic, Dalibor"]
[Black "Munenga, Douglas D"]
[Result "1-0"]
[WhiteElo "2492"]
[BlackElo "2273"]
[PlyCount "87"]
[EventDate "2018.09.24"]
[EventType "team-swiss"]
[EventRounds "11"]
[EventCountry "GEO"]
[SourceTitle "CBM 187"]
[Source "ChessBase"]
[SourceDate "2018.12.11"]
[SourceVersion "1"]
[SourceVersionDate "2018.12.11"]
[SourceQuality "1"]
[WhiteTeam "Bosnia&Herzegovina"]
[BlackTeam "Zambia"]
[WhiteTeamCountry "BIH"]
[BlackTeamCountry "ZAM"]

1. e4 c5 2. Nf3 e6 3. d4 cxd4 4. Nxd4 a6 5. Bd3 Qc7 6. 0-0 Nf6 7. Qe2 d6 8. f4 Nc6 9. Nxc6 bxc6 10. Nd2 d5 11. c4 Be7 12. e5 Nd7 13. Nf3 0-0 14. Be3 Bb7 15. Qc2 g6 16. cxd5 exd5 17. e6 fxe6 18. Bxg6 Nf6 19. Ng5 Bd6 20. Bxh7+ Nxh7 21. Qg6+ Qg7 22. Qxe6+ Kh8 23. Qxd6 Rae8 24. Ne6 Rxe6 25. Qxe6 d4 26. Bf2 c5 27. Bg3 d3 28. f5 Ng5 29. f6 Nxe6 30. fxg7+ Kxg7 31. Be5+ Kg6 32. Rxf8 Nxf8 33. Bc3 Ne6 34. Rf1 Bd5 35. b3 c4 36. h4 cxb3 37. axb3 Bxb3 38. g4 Nc5 39. Rf6+ Kh7 40. Rd6 Bc2 41. g5 Ne4 42. g6+ Kh6 43. g7+ Kh7 44. Rh6+ 1-0

[Event "Olympiad-43"]
[Site "Batumi"]
[Date "2018.09.24"]
[Round "1.5"]
[White "Kryvoruchko, Yuriy"]
[Black "Munenga, Douglas D"]
[Result "1-0"]
[WhiteElo "2695"]
[BlackElo "2273"]
[PlyCount "69"]
[EventDate "2018.09.24"]
[EventType "team-swiss"]
[EventRounds "11"]
[EventCountry "GEO"]
[SourceTitle "CBM 187"]
[Source "ChessBase"]
[SourceDate "2018.12.11"]
[SourceVersion "1"]
[SourceVersionDate "2018.12.11"]
[SourceQuality "1"]
[WhiteTeam "Ukraine"]
[BlackTeam "Zambia"]
[WhiteTeamCountry "UKR"]
[BlackTeamCountry "ZAM"]

1. e4 e5 2. Nf3 Nc6 3. Bc4 Nf6 4. d3 Bc5 5. c3 d6 6. a4 a6 7. Bg5 Ba7 8. Nbd2 Qe7 9. 0-0 h6 10. Bh4 g5 11. Bg3 Bg4 12. b4 Nh5 13. Kh1 Nf4 14. b5 Nd8 15. bxa6 bxa6 16. Bxa6 Ng6 17. h3 Bd7 18. d4 exd4 19. Nc4 h5 20. Bb5 Ne6 21. Nxd4 Nxd4 22. cxd4 g4 23. Qd3 gxh3 24. gxh3 0-0 25. Bxd7 Qxd7 26. Bh2 Rab8 27. f4 d5 28. Ne5 dxe4 29. Nxd7 exd3 30. f5 Ne7 31. Rg1+ Kh7 32. Nf6+ Kh8 33. Be5 Nc6 34. Rg5 Nxe5 35. Rag1 1-0

[Event "ZAM-ch"]
[Site "Lusaka"]
[Date "2018.03.09"]
[Round "3"]
[White "Munenga, Douglas D"]
[Black "Kabwe, Timothy"]
[Result "1/2-1/2"]
[WhiteElo "2286"]
[BlackElo "2141"]
[PlyCount "53"]
[EventDate "2018.03.09"]
[EventType "tourn"]
[EventRounds "9"]
[EventCountry "ZAM"]
[EventCategory "1"]
[SourceTitle "CBM 183 Extra"]
[Source "ChessBase"]
[SourceDate "2018.04.19"]
[SourceVersion "1"]
[SourceVersionDate "2018.04.19"]
[SourceQuality "1"]

1. e4 c6 2. d3 d5 3. Nd2 dxe4 4. dxe4 e5 5. Ngf3 Bg4 6. Bc4 Nd7 7. h3 Bxf3 8. Qxf3 Ngf6 9. 0-0 Be7 10. Re1 0-0 11. Nf1 b5 12. Be2 Qc7 13. Ng3 g6 14. Bg5 Kg7 15. c4 b4 16. Qe3 Ng8 17. Bxe7 Nxe7 18. c5 Nf6 19. a3 Rab8 20. b3 a5 21. Bc4 h6 22. Nf1 Rfd8 23. axb4 axb4 24. g4 Ra8 25. Qf3 Rxa1 26. Rxa1 Qd7 27. Ng3 1/2-1/2

[Event "ZAM-ch op"]
[Site "Lusaka"]
[Date "2017.03.29"]
[Round "1"]
[White "Munenga, Douglas D"]
[Black "Phiri, Richmond"]
[Result "0-1"]
[WhiteElo "2149"]
[BlackElo "2296"]
[PlyCount "102"]
[EventDate "2017.03.29"]
[EventType "swiss"]
[EventRounds "9"]
[EventCountry "ZAM"]
[SourceTitle "EXT 2018"]
[Source "ChessBase"]
[SourceDate "2017.10.13"]
[SourceVersion "1"]
[SourceVersionDate "2017.10.13"]
[SourceQuality "1"]

1. e4 c5 2. Nf3 g6 3. d4 cxd4 4. Nxd4 Bg7 5. c4 Nc6 6. Nc2 Nf6 7. Nc3 0-0 8. Be2 d6 9. 0-0 Bd7 10. Bg5 Rc8 11. Qd2 Ne5 12. Ne3 Bc6 13. f4 Ned7 14. Bf3 Re8 15. Kh1 a6 16. Rac1 Qa5 17. Ned5 Bxd5 18. cxd5 h6 19. Bh4 Rc4 20. Bg3 Nh7 21. Qe2 b5 22. e5 dxe5 23. fxe5 Nb6 24. Qf2 Rf8 25. Be2 Rcc8 26. Bg4 Rc4 27. d6 exd6 28. e6 Rxg4 29. e7 f5 30. exf8Q+ Nxf8 31. Bxd6 Nc4 32. Bxf8 Kxf8 33. Qc5+ Kg8 34. Nd5 Qd2 35. Rg1 Rd4 36. Qc8+ Kh7 37. Ne7 Rd8 38. Qxa6 Ne5 39. h3 Qg5 40. Qe6 Nd3 41. Rc2 Nf4 42. Qf7 Rf8 43. Qb3 Qxe7 44. Qxb5 Nh5 45. Qd3 Rd8 46. Qf3 Qe5 47. Rb1 Ng3+ 48. Kg1 Ne4 49. Rd1 Ng5 50. Qf1 Qe3+ 51. Kh1 Ne4 0-1

[Event "Harare op"]
[Site "Harare"]
[Date "2015.12.29"]
[Round "4"]
[White "Dimba, James"]
[Black "Munenga, Douglas D"]
[Result "1-0"]
[WhiteElo "2083"]
[BlackElo "2117"]
[PlyCount "100"]
[EventDate "2015.12.28"]
[EventType "swiss"]
[EventRounds "9"]
[EventCountry "ZIM"]
[SourceTitle "EXT 2017"]
[Source "ChessBase"]
[SourceDate "2016.10.25"]
[SourceVersion "1"]
[SourceVersionDate "2016.10.25"]
[SourceQuality "1"]

1. e4 e6 2. d4 d5 3. Nc3 Bb4 4. e5 Qd7 5. a3 Bxc3+ 6. bxc3 b6 7. a4 Ba6 8. Bxa6 Nxa6 9. Qd3 Nb8 10. Nf3 Nc6 11. c4 dxc4 12. Qxc4 Nge7 13. 0-0 0-0 14. Rd1 h6 15. Qe2 Qc8 16. Ba3 Re8 17. c4 Qa6 18. Qc2 Rad8 19. d5 exd5 20. cxd5 Nb8 21. d6 cxd6 22. exd6 Nec6 23. Re1 Qc8 24. Rac1 Qd7 25. h3 Rxe1+ 26. Rxe1 Re8 27. Rd1 Rc8 28. Qe4 Re8 29. Qd5 Qe6 30. Qb5 Rd8 31. Re1 Qf6 32. Qd5 Qc3 33. Re3 Qa5 34. Qc4 Qa6 35. Qc2 Rc8 36. Qf5 Qb7 37. Ne5 Nd4 38. Qg4 Ne6 39. Nxf7 Qxf7 40. Rxe6 h5 41. Qe4 Nc6 42. f3 Rd8 43. d7 Qxd7 44. Rxc6 Re8 45. Qc4+ Kh8 46. Rd6 Qf5 47. Qc3 Qf4 48. Rd7 Qg3 49. Rd1 Re2 50. Rd8+ Kh7 1-0

[Event "Universiad Men 27th"]
[Site "Kazan"]
[Date "2013.07.10"]
[Round "3"]
[White "Martins, Vinicius Tine"]
[Black "Munenga, Douglas D"]
[Result "0-1"]
[WhiteElo "2391"]
[BlackElo "2002"]
[PlyCount "84"]
[EventDate "2013.07.09"]
[EventType "swiss"]
[EventRounds "9"]
[EventCountry "RUS"]
[SourceTitle "EXT 2014"]
[Source "ChessBase"]
[SourceDate "2013.11.20"]
[SourceVersion "1"]
[SourceVersionDate "2013.11.20"]
[SourceQuality "1"]

1. Nf3 Nf6 2. c4 e6 3. g3 d5 4. Bg2 c6 5. 0-0 Be7 6. Qc2 0-0 7. d4 b6 8. Nbd2 Bb7 9. Rd1 Qc8 10. b3 Na6 11. Bb2 dxc4 12. bxc4 c5 13. e3 Rd8 14. Rac1 Bc6 15. Bh3 Qc7 16. Ne5 Nb4 17. Qb3 Be8 18. Ndf3 a5 19. Ba1 a4 20. Qb1 a3 21. Ng5 Rd6 22. dxc5 Rxd1+ 23. Rxd1 Qxc5 24. Nexf7 Bxf7 25. Bxf6 Bg6 26. Bxe6+ Kh8 27. Bxe7 Qxe7 28. Bf5 Nxa2 29. Bxg6 Qxg5 30. Qxa2 hxg6 31. Rd4 Qf6 32. Rd2 Qc3 33. Kg2 Qxd2 34. Qxd2 a2 35. Qd6 a1Q 36. Qxg6 Qf6 37. Qh5+ Qh6 38. Qf5 Ra5 39. Qf8+ Kh7 40. h4 Qc6+ 41. Kh3 Qe6+ 42. g4 Qf6 0-1

[Event "Universiad Men 27th"]
[Site "Kazan"]
[Date "2013.07.10"]
[Round "2"]
[White "Munenga, Douglas D"]
[Black "Baryshpolets, Andrey"]
[Result "0-1"]
[WhiteElo "2002"]
[BlackElo "2544"]
[PlyCount "64"]
[EventDate "2013.07.09"]
[EventType "swiss"]
[EventRounds "9"]
[EventCountry "RUS"]
[SourceTitle "CBM 155 Extra"]
[Source "ChessBase"]
[SourceDate "2013.08.26"]
[SourceVersion "1"]
[SourceVersionDate "2013.08.26"]
[SourceQuality "1"]

1. d4 Nf6 2. c4 e6 3. Nc3 d5 4. Nf3 c6 5. e3 Nbd7 6. Qc2 Bd6 7. Bd3 0-0 8. 0-0 dxc4 9. Bxc4 a6 10. a4 c5 11. Rd1 Qc7 12. Be2 b6 13. e4 cxd4 14. Rxd4 h6 15. Rc4 Qb8 16. e5 Nxe5 17. Nxe5 Bxe5 18. Rh4 Bb7 19. Be3 Rc8 20. Qd2 Rd8 21. Qc1 Nd5 22. Nxd5 Bxd5 23. Rh5 f5 24. Bxh6 gxh6 25. Qxh6 Ra7 26. Ra3 Rg7 27. Rah3 Kf7 28. g4 Bf4 29. g5 Qe5 30. Rc3 Rdg8 31. Kf1 Bxg5 32. Rxg5 Rxg5 0-1